Sherman came for a visit / (Record no. 57747)
[ view plain ]
| 000 -LEADER | |
|---|---|
| fixed length control field | 00761nam a22001937a 4500 |
| 005 - DATE AND TIME OF LATEST TRANSACTION | |
| control field | 20111018102818.0 |
| 010 ## - LCCN (DPL NO) | |
| LC control number | B444668 |
| 020 ## - INTERNATIONAL STANDARD BOOK NUMBER | |
| International Standard Book Number | 9788120737952 |
| Terms of availability | 225.00 |
| 037 ## - SOURCE OF ACQUISITION | |
| Source of stock number/acquisition | Blue Berry/Ven |
| Stock number | DPL |
| 082 ## - DEWEY DECIMAL CLASSIFICATION NUMBER | |
| Classification number | S |
| 245 ## - TITLE STATEMENT | |
| Title | Sherman came for a visit / |
| 260 ## - PUBLICATION, DISTRIBUTION, ETC. (IMPRINT) | |
| Place of publication, distribution, etc | New Delhi |
| Name of publisher, distributor, etc | Sterling Publishers |
| 270 ## - ADDRESS | |
| Address | A-59, Okhla Industrial Area, Phase-II |
| City | New Delhi |
| Postal code | 110020 |
| 300 ## - PHYSICAL DESCRIPTION | |
| Extent | unpaged. |
| Dimensions | 27cm(Hb) |
| 490 ## - SERIES STATEMENT | |
| Series statement | Fisher-price Ready Reader story book TM |
| -- | 37802 |
| 942 ## - ADDED ENTRY ELEMENTS (KOHA) | |
| Source of classification or shelving scheme | Dewey Decimal Classification |
| Item type | Children Books |
| Classification part | S |
| Call number suffix | SHE |
| Withdrawn status | Lost status | Not for loan | Collection code | Home library | Current library | Date acquired | Source of acquisition | Cost, normal purchase price | Full call number | Barcode | Copy number | Cost, replacement price | Koha item type |
|---|---|---|---|---|---|---|---|---|---|---|---|---|---|
| Fiction | Central Library | Central Library | 29/12/2011 | Blueberry /7042/29.9.2011/83/21.3.2011/12.10.2011 | 225.00 | S SHE | B-444668 | 1 | 225.00 | Children Books |
